000 00743nam a22002537a 4500
001 BR2011000992
003 BR-BrBNA
005 20230928103454.0
007 ta
008 230509b bl.||||| |||| 00| 0 por d
040 _aBR-BrBNA
_bpor
_cBiblioteca Nacional de Agricultura
041 _a(Por)
072 _aE14
090 _ E14 BR2011000992
110 1 _aMinistério da Agricultura, Pecuária e Abastecimento, Brasília, DF (Brasil). Assessoria de Comunicação Social
245 1 _aRelatório de atividades 2009/2010
260 3 _aBrasília, DF (Brasil):
_c2010.
300 _a198 p.
650 _aPLANEJAMENTO
650 _aADMINISTRAÇÃO
650 _aCOMUNICAÇÃO
909 _a202309
_bLucia
_c55
_dLucia Elande
942 _cBK
999 _c75269
_d75269